Państwa mające dostęp do Oceanu Atlantyckiego - Statystyki

Ogólne statystyki
  • Ten quiz został rozwiązany 62 razy
  • Średni wynik to 75 z 93
Statystyki odpowiedzi
Państwo % Poprawnych
Portugalia
98%
Wielka Brytania
96%
Brazylia
94%
Hiszpania
94%
Kanada
94%
Maroko
94%
Stany Zjednoczone
94%
Francja
92%
Islandia
92%
Argentyna
90%
Gwinea
90%
Gwinea Bissau
90%
Irlandia
90%
Norwegia
90%
Wybrzeże Kości Słoniowej
90%
Algieria
88%
Dania
88%
Holandia
88%
Libia
88%
Polska
88%
Republika Południowej Afryki
88%
Szwecja
88%
Turcja
88%
Wenezuela
88%
Włochy
88%
Belgia
86%
Gujana
86%
Honduras
86%
Niemcy
86%
Panama
86%
Rosja
86%
Urugwaj
86%
Albania
84%
Dominika
84%
Dominikana
84%
Finlandia
84%
Grecja
84%
Haiti
84%
Kolumbia
84%
Malta
84%
Meksyk
84%
Surinam
84%
Belize
82%
Bośnia i Hercegowina
82%
Chorwacja
82%
Demokratyczna Republika Konga
82%
Egipt
82%
Kamerun
82%
Namibia
82%
Senegal
82%
Słowenia
82%
Ghana
80%
Gwatemala
80%
Kostaryka
80%
Kuba
80%
Litwa
80%
Łotwa
80%
Togo
80%
Trynidad i Tobago
80%
Tunezja
80%
Angola
78%
Cypr
78%
Czarnogóra
78%
Jamajka
78%
Monako
78%
Saint Kitts i Nevis
78%
Estonia
76%
Gambia
76%
Gwinea Równikowa
76%
Kongo
76%
Saint Vincent i Grenadyny
76%
Sierra Leone
76%
Bułgaria
73%
Izrael
73%
Nigeria
73%
Antigua i Barbuda
71%
Liberia
71%
Nikaragua
71%
Saint Lucia
71%
Barbados
69%
Gabon
69%
Benin
67%
Mauretania
67%
Bahamy
65%
Chile
65%
Liban
65%
Rumunia
65%
Ukraina
65%
Syria
63%
Wyspy Świętego Tomasza i Książęca
63%
Republika Zielonego Przylądka
61%
Grenada
55%
Gruzja
47%
Nie znaleziono quizów pasujących do podanych kryteriów
Rozkład punktacji
Procent ludzi z każdym wynikiem
Percentyl według liczby udzielonych odpowiedzi
Twoja historia wyników
Nie rozwiązałeś tego quizu